000 01070nam a2200325Ia 4500
003 OSt
005 20221007122441.0
006 a|||||r|||| 00| 0
007 ta
008 221006b |||||||| |||| 00| 0 eng d
020 _a9783540854159 (hbd)
_c5841
024 _a95709
037 _b224, 03/02/2010, Aviva Books Company
_cTextbook
040 _aPAPL
_cPAPL
_beng
041 _2eng
_aeng
082 _aCN1, P9 Carpa
100 _aNolting Wolfgang
_9714377
245 0 _aQuantum theory of magnetism
_b Ramakanth Anupuru
260 _aBerlin
_bSpringer
_c2009
300 _axiii, 752p.
_ccm.
500 _aIndex 743-752p.
650 _a Electricity and magnetism
_9714063
650 _a Magnetism-problems and exercises
_9714378
650 _a Quantum theory
_9612792
650 _a Science and magnetism
_9714379
650 _aPhysics
700 _a Ramakanth Anupuru
_9714380
942 _hCN1, P9 Carpa
_cTB
_2CC
999 _c1210369
_d1210369